| 000 | 00782nam a22001337a 4500 | ||
|---|---|---|---|
| 040 | _cRUA | ||
| 082 | _aFOR HIE 2010 B139 Or.1 | ||
| 100 | _aHIENG, SOKNANG. | ||
| 245 | _aThe efficiency of vattanak stove on reducing fire wood consumption in samakymeanchey district kampongchhnang province, ប្រសិទ្ធភាពរបស់ចង្គ្រានវឌ្ឍនៈក្នុងការកាត់បន្ថយការប្រើប្រាស់ឈើថាមពលនៅស្រុកសាមគ្គីមានជ័យ ខេត្តកំពង់ឆ្នាំង | ||
| 260 |
_aPhnom Penh _bRUA _c2010 |
||
| 300 |
_axi; 57p. _bill. _c29cm. |
||
| 856 | _uhttps://drive.google.com/file/d/1zpK0ixOaS2pXhDT5UD00zy-uj-46bDP_/view?usp=sharing | ||
| 942 | _cFOR | ||
| 999 |
_c3406 _d3406 |
||